| 000 | 01602cam a2200445 i 4500 | ||
|---|---|---|---|
| 999 |
_c8228 _d8228 |
||
| 001 | 20558658 | ||
| 003 | OSt | ||
| 005 | 20190923130713.0 | ||
| 008 | 180111s2018 ii b 000 0deng d | ||
| 010 | _a 2017354368 | ||
| 020 |
_a9789351482758 _q(HB) |
||
| 020 |
_a9351482758 _q(HB) |
||
| 020 |
_a9789351482765 _q(PB) |
||
| 020 | _a9351482766 | ||
| 025 | _aI-E-2017354368 ; 05 ; 13-90 | ||
| 035 | _a(OCoLC)on1039471198 | ||
| 035 | _a(OCoLC)1039471198 | ||
| 037 | _bLibrary of Congress -- New Delhi Overseas Office | ||
| 040 |
_aDKAGE _beng _erda _cDKAGE _dOCLCO _dDLC |
||
| 042 |
_alccopycat _alcode |
||
| 043 | _aa-ii--- | ||
| 050 | 0 | 0 |
_aBR115.E3 _bJ54 2018 |
| 082 | 0 | 4 |
_a261.85 _223 _bJ65A |
| 100 | 1 |
_aJohn, Anish, _d1984- _eauthor. |
|
| 245 | 1 | 0 |
_a"Autarchy" in Clement of Alexandria : _bsocio-economic and ecological crisis re-examined in Indian context / _cAnish John. |
| 264 | 1 |
_aNew Delhi : _bChristian World Imprints, _c2018. |
|
| 300 |
_axx, 110 pages ; _c22 cm. |
||
| 336 |
_atext _btxt _2rdacontent |
||
| 337 |
_aunmediated _bn _2rdamedia |
||
| 338 |
_avolume _bnc _2rdacarrier |
||
| 490 | 1 |
_aChristian heritage rediscovered ; _v65 |
|
| 504 | _aIncludes bibliographical references (pages 103-110). | ||
| 600 | 0 | 0 |
_aClement, _cof Alexandria, Saint, _dapproximately 150-approximately 215. |
| 650 | 0 |
_aAutarchy _xReligious aspects _xChristianity. |
|
| 650 | 0 |
_aEconomics _zIndia _zPhilosophy. |
|
| 830 | 0 |
_aChristian heritage rediscovered ; _v65. |
|
| 906 |
_a7 _bcbc _ccopycat _d3 _encip _f20 _gy-gencatlg |
||
| 942 |
_2ddc _cBK |
||